Informacion presentada por su autor Victor Ozcariz (Record no. 161208)

MARC details
000 -LEADER
campo de control de longitud fija 00831nam a22001815i 4500
001 - NÚMERO DE CONTROL
campo de control 161208
003 - IDENTIFICADOR DE NÚMERO DE CONTROL
campo de control ES-MaACL
005 - FECHA Y HORA DE LA ÚLTIMA TRANSACCIÓN
campo de control 20230906212221.0
008 - DATOS DE LONGITUD FIJA--INFORMACIÓN GENERAL
campo de control de longitud fija 041020s1887 sp |||| | spa d
040 ## - FUENTE DE CATALOGACIÓN
Centro catalogador/agencia de origen CAM
Lengua de catalogación spa
Centro/agencia transcriptor CAM
100 0# - ENTRADA PRINCIPAL--NOMBRE DE PERSONA
Nombre de persona Ozcariz y Lasaga, Víctor.
9 (RLIN) 88071
245 10 - MENCIÓN DEL TÍTULO
Título Informacion presentada por su autor Victor Ozcariz
Resto del título : en respuesta á los interrogatorios formados por la Comision creada en virtud del Real Decreto de 7 de Julio del corriente año, para estudiar la crisis actual de la Agricultura y Ganadería.
260 ## - PUBLICACIÓN, DISTRIBUCIÓN, ETC.
Lugar de publicación, distribución, etc. Zamora :
Nombre del editor, distribuidor, etc. [s.n.],
Fecha de publicación, distribución, etc. 1887 (
Fabricante Imp. de La Seña Berjema)
300 ## - DESCRIPCIÓN FÍSICA
Extensión 32 p. ;
Dimensiones 15 cm.
650 #4 - PUNTO DE ACCESO ADICIONAL DE MATERIA--TÉRMINO DE MATERIA
Término de materia o nombre geográfico como elemento de entrada Agricultura-
Subdivisión geográfica España.
9 (RLIN) 9680
650 #4 - PUNTO DE ACCESO ADICIONAL DE MATERIA--TÉRMINO DE MATERIA
Término de materia o nombre geográfico como elemento de entrada Ganadería-
Subdivisión geográfica España.
9 (RLIN) 136165
852 ## - LOCALIZACIÓN
Ubicación ES-MaACL
Número de control de estantería T-478-F-4
Nota libre -- Enc. hol.
condición física -- Falto de la cub. original
Nota libre -- Enc. en un vol. facticio
Holdings
Estatus retirado Estado de pérdida Estado de daño No para préstamo Colección Biblioteca de origen Biblioteca actual Ubicación en estantería Fecha de adquisición Total de préstamos Signatura topográfica completa Código de barras Visto por última vez Precio de reemplazo Tipo de ítem Koha
        Colección de folletos Biblioteca del Ateneo de Madrid Biblioteca del Ateneo de Madrid Depósito folletos 17/01/2008   T-478-F-4 1168852 23/02/2023 23/02/2023 Folleto